000 00497nam a2200157 4500
999 _c6784
_d6784
008 170427b xxu||||| |||| 00| 0 eng d
022 _a0119-9000
082 _aDPer 641.505 C77 Jan-June 2013 v.13-14
100 _920558
_aCortes, Joseph.
245 _aWater:
_bthe forgotten nutrient/
_cJoseph Cortes.
260 _aPhilippines:
_bUBM Medica,
_c©Jan-June 2013.
300 _av13 n12, pages 10-13:
_billustrations;
_c29 cm.
500 _aCook.
650 0 _920559
_aWater
942 _2ddc
_cPER